| 000 | 00568nam a22001817a 4500 | ||
|---|---|---|---|
| 999 |
_c186229 _d186229 |
||
| 005 | 20220217155203.0 | ||
| 010 | _aENG-131660 | ||
| 020 |
_a9789392311093 _c460.00 |
||
| 035 | _aEN-115192 | ||
| 037 | _bDBAD | ||
| 082 | _a530 | ||
| 100 | _aKiranmai, V. Lakshmi | ||
| 245 |
_aApplied Physics/ _cV. Lakshmi Kiranmai |
||
| 260 |
_aHyderabad _bSunRaise International Publishers _c2021 |
||
| 270 |
_a# 326/C, Level-2, Surneni Nilayam Near B K Guda Park, S R Nagar _bHyderabad _e500038 |
||
| 300 |
_axvi, 480p. _c24cm(pbk) |
||
| 942 |
_2ddc _cEN _h530 _mKIR |
||